01648cam a22003011 450000100060000000300080000600500170001400800390003103500200007004000320009004100080012208200240013010000320015424501290018626000670031530000340038241001020041650400290051865100500054770000500059770000520064794200120069999900170071195201520072895201600088095201580104095201480119827389BD-RjUL20211209051140.0140325t1965 pk b b 000 0 eng a(BD-RjUL) 27462 aDLCcDLCdDLCdBD-RjULbeng aeng00a309.15491bHUS 19650 a Husain, Imtiazuddin98414010aSocial characteristics of the people of Karachi /cby Imtiazuddin Husain, Mohammad Afzal [and] Syed Amjad Ali Bahadur Rizvi. aKarachi :bPakistan Institute of Development Economics,c1965. avii, 155 p. :bill. ;c22 cm.20aPakistan Institute of Development Economics.tMonographs in the economics of development,vno. 14 aIncludes bibliographies. 0aKarachi (Pakistan)xSocial conditions.9841411 aAfzal, Mohammad,d1936-ejoint author.9841421 aRizvi, Amjad Ali Bahadur,ejoint author.984143 2ddccBK c27389d27389 00102ddc40708NFICaRUCLbRUCLcStackd1968-03-05eInt.DEV. Econ. Karachig5.00l0o309.15491 HUS 1965r2014-03-25 00:00:00tC-3w2021-12-09yBK 00102ddc40718NFICaRUCLbRUCLcReadingd1968-03-05eInstitute of Dev Eco Karachig5.00l0o309.15491 HUS 1965r2014-05-17 00:00:00tC-1w2014-05-17yBK 00102ddc40708NFICaRUCLbRUCLcStackd1968-03-05eInstitute of Dev Eco Karachig5.00l0o309.15491 HUS 1965r2014-05-17 00:00:00tC-2w2014-05-17yBK 00102ddc40708NFICaRUCLbRUCLcStackd1968-03-05eKarachi; Inst. Devg5.00l0o309.15491 HUS 1965r2016-12-12 00:00:00tC-4w2016-12-12yBK